1819 1791 1821 1084 1879 1946 1835 1126 1913 1808 1906 1181 1536 1523 1293 1512 1867 1312 1041 1230 1882 1030 1903 1551 1294 1000 1153 1305 1564 1540 1450 1970 1355 1005 1679 1317 1411 1276 1504 1128 1186 1998 1310 1028 1131 1733 1621 1900 1985 1373 1141 1222 1036 1866 1325 1339 1123 1850 1639 1309 1446 1353 1744 1042 1158 1391 1105 1853 1111 1683 1713 1947 1358 1270 1675 1768 1622 1187 1374 1093 1646 1833 1097 1893 1403 1645 1597 1953 1388 1952 1803 1183 1840 1790 1602 1747 1368 1998 1264 BCNSPRNW ULIB Ver.6.0+V

เปลี่ยนเป็นภาษาไทย

Change to English
 แสดงรายละเอียดบรรณานุกรม
  กลับหน้าหลัก

Brief Record : Get Marc (ISO 2709) : E-mail record : QR code < ปิดหน้าต่าง
LEADER : 00000nam 2200000uu 4500
001    13399125025
003     ULIB
008    160529s2551||||th 000 0 tha d
020    ^a9789744820754
060 04 ^aWM165^bส271ก
100 0  ^aสมภพ เรืองตระกูล
245 10 ^aการฆ่าตัวตาย :^bการประเมินและการรักษา /^cสมภพ เรืองตระกูล
250    ^aพิมพ์ครั้งที่ 1
260    ^aกรุงเทพฯ :^bคณะแพทยศาสตร์ศิริราชพยาบาล มหาวิทยาลัยมหิดล,^c2551
300    ^a315 หน้า ;^c21 ซม.
440  0 ^aตำราจิตเวชสำหรับแพทย์เวชศาสตร์ครอบครัว ;^vชุดที่ 15
650  4 ^aการฆ่าตัวตาย
650  4 ^aโรคจิตเภท
650  4 ^aพฤติกรรมการฆ่าตัวตาย
653    ^aผลงานอาจารย์คณะแพทยศาสตร์ศิริราชพยาบาล
710 2  ^aมหาวิทยาลัยมหิดล. ^bคณะแพทยศาสตร์ศิริราชพยาบาล
945    ^p420^l0^i23758
945    ^p420^l0^i23759
999    ^aทศพร เกษรทอง
รายการนี้ยังไม่มีแท็ก
คุณยังไม่ได้ล็อกอิน คุณสามารถมีกิจกรรมร่วมกับเว็บไซต์ได้ แต่ต้องล็อกอินก่อน ::
  ล็อกอิน

รายการสื่อสารสนเทศ

ลำดับที่ ประเภท เลขเรียก/บาร์โค้ด สถานที่ สถานะ
- ไม่พบข้อมูล -

รายการใกล้เคียง
    ผู้แต่ง [สมภพ เรืองตระกูล]

    หัวเรื่อง [การฆ่าตัวตาย]
    หัวเรื่อง [โรคจิตเภท]
    หัวเรื่อง [พฤติกรรมการฆ่าตัวตาย]

BibComment


ยังไม่เคยถูกคอมเมนท์

คอมเมนท์ทรัพยากรรายการนี้
  คอมเมนท์: การฆ่าตัวตาย กา..


 Copyright 2026. Bcnsprnw @Library